00490nam a2200217Ia 450000500170000000800460001702000180006303700100008104000080009104000080009904000080010704100080011504100080012308400080013110000210013924500230016026000320018326000090021565000080022485600400023220260306164033.0008 260114s9999 xx 000 0 eng d a9780226525297 aEBOOK aCRL beng cCRL 2eng aeng qCRL aMilhaupt, Pistor 0aLaw And Capitalism bUniversity of Chicago Press c2013 aLaw uhttps://academic.oup.com/book/28680